Seventies Songs from the first Line - Statistics

General Stats
  • This quiz has been taken 19 times
  • The average score is 11 of 20
Answer Stats
Hint Answer % Correct
"There's a lady who's sure/ all that glitters is gold" 1971 Stairway to Heaven
93%
"Is this the real life? Is this just fantasy?" 1975 Bohemian Rhapsody
87%
"Almost heaven, West Virginia" 1971 Take Me Home, Country Roads
87%
"A long, long time ago" 1972 American Pie
73%
"On a dark desert highway" 1977 Hotel California
73%
"At first I was afraid, I was petrified" 1978 I Will Survive
73%
"Well, you can tell by the way I use my walk, I'm a woman's man/ no time to talk" 1977 Stayin' Alive
73%
"Strumming my pain with his fingers" 1973 Killing Me Softly
67%
"She packed my bags last night, pre-flight" 1972 Rocket Man
60%
"Loving you/ isn't the right thing to do" 1976 Go Your Own Way
53%
"Ooga Chaka Ooga Ooga" 1974 Hooked on a Feeling
53%
"Once I had love, and it was a gas" 1978 Heart of Glass
47%
"Backstroke lover, always hidin' 'neath the covers" 1975 Walk This Way
47%
"I was tired of my lady, we'd been together too long" 1979 Escape (The Pina Colada Song)
40%
"Nibblin' on sponge cake, watchin' the sun bake" 1977 Margaritaville
33%
"Gonna find my baby, gonna hold her tight" 1976 Afternoon Delight
27%
"Hey, kids, shake it loose together" 1974 Bennie and the Jets
27%
"I, I'm so in love with you" 1972 Let's Stay Together
27%
"Busted flat in Baton Rouge, headin' for the trains" 1971 Me and Bobby McGee
27%
"Down around the corner/ half a mile from here 1973 Long Train Runnin'
20%
No matching quizzes found
Score Distribution
Percent of People with Each Score
Percentile by Number Answered
Your Score History
You have not taken this quiz